000
00260nam a22001217a 4500
008
181101b xxu||||| |||| 00| 0 eng d
041
_a
eng
080
_a
821
100
_a
23
101
_a
GJU
245
_a
Building Better English
_c
Joy.K
942
_2
udc
_c
BK
999
_c
51529
_d
51529